| 000 | 01043nam a22003017a 4500 | ||
|---|---|---|---|
| 999 |
_c29427 _d29398 |
||
| 003 | EG-ScBUE | ||
| 005 | 20210916141506.0 | ||
| 008 | 200219s2010 gw f 000 0 eng d | ||
| 020 | _a9783981344103 | ||
| 040 |
_aEG-ScBUE _beng _erda _cEG-ScBUE _dEG-ScBUE |
||
| 041 | 1 |
_aeng _hger |
|
| 082 | 0 | 4 |
_a193 _bJUP _222 |
| 100 | 1 |
_aJupinski Erlander, Th. _q(Theorem), _d1927- _eauthor |
|
| 245 | 1 | 4 |
_aThe matter of dear God : _ban unadorned extract on human existence and the range of human thinking / _cTh.Jupinski Erlander. |
| 250 | _aFirst edition. | ||
| 264 | 1 |
_aSchechen, Germany : _bKASD Gleis Ingenieure, _c2010. |
|
| 300 |
_a196 pages : _c25 cm |
||
| 336 |
_2rdacontent _atext _btxt |
||
| 337 |
_2rdamedia _aunmediated _bn |
||
| 338 |
_2rdacarrier _avolume _bnc |
||
| 546 | _aText in English ; translated from German language. | ||
| 650 | 7 |
_aPhilosophy. _2BUEsh |
|
| 653 |
_bHHUUEENN _cSeptember2021 |
||
| 655 |
_vReading book _934232 |
||
| 700 | 1 |
_aFendler, Susanne, _d1966- _etranslator. |
|
| 942 |
_2ddc _cBB |
||